Mobile, wireless, and sensor networks: technology, applications, and future directions (Record no. 8208)

000 -LEADER
fixed length control field 01005 a2200229 4500
020 ## - INTERNATIONAL STANDARD BOOK NUMBER
International Standard Book Number 0471718165
020 ## - INTERNATIONAL STANDARD BOOK NUMBER
International Standard Book Number 9780471718161
040 ## - CATALOGING SOURCE
Original cataloging agency DLC
Language of cataloging DLC
082 00 - DEWEY DECIMAL CLASSIFICATION NUMBER
Classification number 621.382/1
245 00 - TITLE STATEMENT
Title Mobile, wireless, and sensor networks: technology, applications, and future directions
Remainder of title technology, applications, and future directions
Statement of responsibility, etc. Rajeev Shorey
260 ## - PUBLICATION, DISTRIBUTION, ETC.
Place of publication, distribution, etc. [Piscataway] :
Name of publisher, distributor, etc. IEEE Press ;
Place of publication, distribution, etc. Hoboken, N.J. :
Name of publisher, distributor, etc. Wiley-Interscience,
Date of publication, distribution, etc. c2006.
300 ## - PHYSICAL DESCRIPTION
Extent xvii, 430 p. :
Other physical details ill. ;
Dimensions 25 cm.
650 #0 - SUBJECT ADDED ENTRY--TOPICAL TERM
Topical term or geographic name entry element Wireless communication systems.
650 #0 - SUBJECT ADDED ENTRY--TOPICAL TERM
Topical term or geographic name entry element Wireless LANs.
650 #0 - SUBJECT ADDED ENTRY--TOPICAL TERM
Topical term or geographic name entry element Mobile communication systems.
650 #0 - SUBJECT ADDED ENTRY--TOPICAL TERM
Topical term or geographic name entry element Sensor networks.
700 1# - ADDED ENTRY--PERSONAL NAME
Personal name Shorey, Rajeev.
856 41 - ELECTRONIC LOCATION AND ACCESS
Materials specified Table of contents
Uniform Resource Identifier <a href="http://www.loc.gov/catdir/toc/ecip0511/2005010792.html">http://www.loc.gov/catdir/toc/ecip0511/2005010792.html</a>
856 41 - ELECTRONIC LOCATION AND ACCESS
Materials specified Publisher description
Uniform Resource Identifier <a href="http://www.loc.gov/catdir/enhancements/fy0622/2005010792-d.html">http://www.loc.gov/catdir/enhancements/fy0622/2005010792-d.html</a>
856 41 - ELECTRONIC LOCATION AND ACCESS
Materials specified Contributor biographical information
Uniform Resource Identifier <a href="http://www.loc.gov/catdir/enhancements/fy0654/2005010792-b.html">http://www.loc.gov/catdir/enhancements/fy0654/2005010792-b.html</a>
942 ## - ADDED ENTRY ELEMENTS (KOHA)
Koha item type Book
Call number prefix 621.3821 SHO
Source of classification or shelving scheme
Holdings
Withdrawn status Lost status Damaged status Not for loan Collection code Permanent Location Current Location Shelving location Date acquired Source of acquisition Cost, normal purchase price Total Checkouts Full call number Barcode Date last seen Price effective from Koha item type Date last checked out
          Central Library (CL) Central Library (CL) General Stacks 11/03/2006 A&J DEF Tek Consultant 6367.19   621.3821 SHO SEECS007692 11/14/2012 01/05/2017 Book  
          Central Library (CL) Central Library (CL) General Stacks 03/02/2007 Allied Book Company 6460.05 1 621.3821 SHO SEECS008205 02/04/2016 01/05/2017 Book 01/20/2014
© 2023 Central Library, National University of Sciences and Technology. All Rights Reserved.